logo

Bir Sreshtho Munshi Abdur Rouf Library
Jhenaidah Cadet College

বাংলাদেশের প্রাচীন সমাজ / (Record no. 1595)

MARC details
000 -LEADER
fixed length control field 00739nam a2200229 a 4500
001 - CONTROL NUMBER
JCCL Control Number 1595
003 - CONTROL NUMBER IDENTIFIER
JCCL marc code BD-JhCC
005 - DATE AND TIME OF LATEST TRANSACTION
control field 20190718134014.0
008 - FIXED-LENGTH DATA ELEMENTS--GENERAL INFORMATION
fixed length control field 171022s2010 bg a|||| ||a| 000 0 ben d
020 ## - INTERNATIONAL STANDARD BOOK NUMBER
International Standard Book Number 9840748408
035 ## - SYSTEM CONTROL NUMBER
system control number (BD-JhCC)1595
040 ## - CATALOGING SOURCE
Original cataloging agency BD-JhCC
Modifying agency BD-JhCC
041 ## - LANGUAGE CODE
Language code of Book ben
082 ## - DEWEY DECIMAL CLASSIFICATION NUMBER
Classification number 305.800954923
Author mark and Year MAJ 2010
100 ## - MAIN ENTRY--PERSONAL NAME
Personal name মজুমদার, সুপ্তিকণা
245 ## - TITLE STATEMENT
Title বাংলাদেশের প্রাচীন সমাজ /
Statement of responsibility, etc সুপ্তিকণা মজুমদার
260 ## - PUBLICATION, DISTRIBUTION, ETC. (IMPRINT)
Place of publication, distribution, etc ঢাকা :
Name of publisher, distributor, etc বাংলা একাডেমী,
Date of publication, distribution, etc 2010.
300 ## - PHYSICAL DESCRIPTION
Pagination 245 p. :
Dimensions 22 cm.
650 ## - SUBJECT ADDED ENTRY--TOPICAL TERM
Topical term or geographic name as entry element History of Acient Society
Geographic subdivision Bangladesh
942 ## - ADDED ENTRY ELEMENTS (KOHA)
Source of classification or shelving scheme Dewey Decimal Classification
Koha item type Books
Koha issues (borrowed), all copies 3
Holdings
Source of classification or shelving scheme Damaged status Not for loan Home library Current library Date of accession Cost, normal purchase price Total Checkouts Full call number Barcode Date last seen Date checked out Copy number Koha item type
Dewey Decimal Classification     JCC Rouf Library JCC Rouf Library 10/22/2017 170.00 2 305.800954923 MAJ 2010 2903 07/22/2019 07/17/2019 C-1 Books

JCC Library | Contacts | JCC Home

Last Update on 23 September 2017
Copyright @ 2017-2020 JCC Rouf Library
Rouf Library, Jhenidah Cadet College (JCC), Bangladesh